Quizzes
Events
Quiz Creation
Community
Videos
Private Events
Remove Ads
Sign In
Join for FREE
Feedback
Dark Mode
Quiz Categories
Sports
Geography
Music
Movies
Television
Just For Fun
Miscellaneous
History
Literature
Language
Science
Gaming
Entertainment
Religion
Holiday
For Kids
Quiz Lab
Recent
Popular Today
Quiz Kudos Today
Editor Picks
Curator Picks
Quizzes by...
Day
Popularity
Type
Ratings
Length
Year
Community
Subscriptions
Recent Discussions
Orange Saloon
Badges
Playlists
Quests
Create
Leaderboards
Showdown
Live 5
Trivia Bingo
Activity
Puzzle Library
Sporcle Events
Private Events
Virtual Trivia
Globe League
Become a Host
Pub Owners
SporcleCon
Opinionation
Our Games
Videos
Blog
Mobile Apps
Partnerships
Remove Ads and Go Orange
Feedback
Geography
Country
Landmarks
City
State
Population
World
Capital
Continent
Flags
Europe
Africa
Asia
South America
North America
Oceania
Border
Canada
United Kingdom
Topography
United States
Geography
Country
Landmarks
City
State
Population
World
Capital
Continent
Flags
Europe
Africa
Asia
South America
North America
Oceania
Border
Canada
United Kingdom
Topography
United States
Random Quiz
Search Sporcle
×
Quiz Lab
Quiz Lab
Geography
Population
Type in answers that appear in a list
Type in answers that appear in a list
Classic
Best Score? Go Orange.
South American metros in order by country Stats
Can you name the South American metros in order by country?
By
likesgeography
12m
45 Questions
167 Plays
167 Plays
167 Plays
Comments
Comments
Give Quiz Kudos
Give Quiz Kudos
-
- Ratings
hide this ad
More Info
Forced Order
Answers have to be entered in order
Answers have to be entered in order
Replay
Link that replays current quiz
Next Quiz
Link to next quiz in quiz playlist
You Got
0%
They Got
Avg Score
73%
Avg Friend Score
Upgrade to see
Score Distribution
Jump to the score distribution portion of the page
Score
0/45
Timer
12:00
0
Plays Today
% Correct
Lima
99.4%
Santiago
99.4%
Buenos Aires
99.4%
La Paz
99.4%
Asunción
98.8%
Montevideo
98.8%
Caracas
98.2%
Quito
97.6%
Bogotá
97.6%
São Paulo
96.4%
Rio de Janeiro
96.4%
Medellín
91.6%
Brasília
91.6%
Belo Horizonte
90.4%
Guayaquil
87.4%
Porto Alegre
87.4%
Córdoba
86.2%
Recife
85.6%
Cali
84.4%
Salvador
84.4%
Fortaleza
83.2%
Santa Cruz
81.4%
Valparaíso
79.6%
% Correct
Rosario
79%
Manaus
78.4%
Maracaibo
76.6%
Curitiba
74.9%
Belém
74.3%
Valencia
73.7%
Barranquilla
71.3%
Cartagena
67.1%
Campinas
62.9%
Goiânia
58.7%
Cochabamba
55.1%
Natal
49.7%
Vitória
47.9%
São Luís
47.3%
Barquisimeto
43.1%
Santos
41.3%
Maracay
40.1%
Florianópolis
40.1%
Bucaramanga
38.9%
Maceió
34.7%
João Pessoa
32.9%
Joinville
26.3%
Quiz Playlist
Details
Report
Send in Message
Add To Playlist
More Info:
Name the South American metros with a population of over 1 million in order by country.
Classic:
Type in answers that appear in a list
Forced Order:
Answers have to be entered in order
Quiz Source
Last Updated: Feb 16, 2017
Quiz Scoreboard
CHALLENGE
Sign Up to Join the Scoreboard
Show All
Scores
Hide
Comments
May contain spoilers
Recently Published
Movies - When Are They Set?
by FPL_Elf
Movies
5m
Popular People in 1961
by mucciniale
History
6m
1-10 Letter E Words III
by El_Dandy
Language
2m
More to Explore
Quiz From the Vault
Featured Blog Post
Where Did the Easter Bunny Come From?
hide this ad
You Might Also Like...
Tags
City Quiz
Country Quiz
Population Quiz
South America Quiz
metro
Order
Today's Top Quizzes in Geography
Browse Geography
hide this ad
Today's Top Quizzes in Population
Browse Population
Top Contributed Quizzes in Geography
1
Countries of the World - No Outlines Minefield
2
Top 25 Cities of France on a map
3
Closest Countries to UK A-Z
4
One Thing in Common: United Kingdom
5
Blind Secret Country CLXXXVIII
6
Blind Ultimate Minefield: USA
7
African Flag Reveal XLV
8
Find the US States - No Outlines
9
One Thing in Common: Asia
10
Find the Provinces of Canada - No Outlines Minefield
Explore More
Trending Topics
Anime
Kpop
Crossword
Marvel
Harry Potter
NBA
Disney
WWE
Pokémon
Country
NFL
The Office
Song
Soccer
Puzzle
hide this ad
More By:
likesgeography
Quiz
Plays
Rating
Category
Featured
Created
Unpopulous Neighbors
42,364
4.54
Geography
Apr 14, 2013
100 largest cities in China
13,123
4.79
Geography
Mar 29, 2012
Capitals of India (map)
8,338
3.95
Geography
Feb 21, 2014
Capitals of Brazil (map)
7,379
5.00
Geography
Feb 17, 2014
100 Largest EU Cities
4,444
4.28
Geography
Dec 22, 2013
Go to Creator's Profile
Score Distribution
Quiz Creator Spotlight
likesgeography
Follow
Send a Message
Quizzes Created
-
Created Quiz Play Count
-
More By This Creator
Popular Quizzes Today
1
Find the Countries of Europe - No Outlines Minefield
2
Find the US States - No Outlines Minefield
3
The Countries of the World
4
Popular People in 1961
5
US States
6
1-10 Letter E Words III
7
Find the US States
8
One Thing in Common: World Cities II
More Geography Quizzes
European Capitals - Alphabet Game
Quiz Lab
Trending Quizzes
Risky Map Clicking: Least Populous States A-Z
1-10 Letter F Words
Humor Books: The Subtitles
1-10 Letter G Words
One Thing in Common: United Kingdom
Recently Updated
Leaping Animals
pecheneg
Reality TV Shows (A-Z)
bhenderson79
Rickey Henderson's Hall of Fame Teammates
pecheneg
Champions League XIs: Arsenal
pecheneg
Quick Pick: Celebrities in WWE's Hall of Fame
aduchscher
A-Z Keypad Blitz II
pecheneg
Multiple Oscar Actors
pecheneg
Mystery Phrase Blitz: Oscar 'Best Actors'
pecheneg
F. Scott Fitzgerald Novels
LTH
Pick 3 Villains
ddd62291
Trending Topics
Crossword
Harry Potter
NBA
Disney
Anime
Marvel
Kpop
Song
WWE
Country
The Office
Puzzle
Soccer
Pokémon
NFL
Your Account Isn't Verified!
In order to create a playlist on Sporcle, you need to verify the email address you used during registration. Go to your
Sporcle Settings
to finish the process.
Report this User
Report this user for behavior that violates our
Community Guidelines
.
Details:
Send Report
Go to the Sporcle.com Mobile Site →
Comments